00725nam a2200205Ia 4500003000900000008004100009020001800050040001600068080001700084100002300101245012500124260005300249300001700302650002800319650003600347650001900383942000700402999001700409952009300426IN-BaIIA211028s9999 xx 000 0 eng d a0-201-19330-2 cIIA Library a519.682bWOL aWolfram, S.917061 0aMathematica tmba system for doing mathematics by computercS. Wolfram  aCaliforniabUniversity of California Pressc1988 axviii, 748p. aComputer programs94148 aMathematical programming910278 aNASA Thesaurus cBK c10084d10084 00104070aBANbBANcGENd0000-00-00l0o519.682/WOLp10994r2021-11-05w0000-00-00yBK